[Event "GER-ch U10"]
[Site "Willingen"]
[Date "2024.05.24"]
[Round "10"]
[White "Al Luwaisi, Omer"]
[Black "Dombert, Johannes"]
[Result "1-0"]
[WhiteElo "1660"]
[BlackElo "1270"]
[PlyCount "51"]
[EventDate "2024.05.19"]
[EventType "swiss"]
[EventRounds "11"]
[EventCountry "GER"]
[SourceTitle "CBM 220 Extra"]
[Source "ChessBase"]
[SourceDate "2024.07.31"]
[SourceVersion "1"]
[SourceVersionDate "2024.07.31"]
[SourceQuality "1"]

1. e4 e5 2. Nf3 f5 3. d3 Nf6 4. Nxe5 Qe7 5. Nf3 fxe4 6. dxe4 Qxe4+ 7. Be2 Bc5 8. Nc3 Qe7 9. 0-0 0-0 10. Re1 Qd8 11. Bg5 Bb4 12. a3 Bxc3 13. bxc3 d5 14. Bxf6 Rxf6 15. c4 Rd6 16. cxd5 Kh8 17. Ne5 Qf6 18. Bd3 Rd8 19. Qh5 g6 20. Nxg6+ Kg7 21. Re7+ Qxe7 22. Nxe7 h6 23. Qg6+ Kf8 24. Re1 Be6 25. Rxe6 Rxd5 26. Qg8# 1-0

[Event "GER-ch U10"]
[Site "Willingen"]
[Date "2024.05.23"]
[Round "8"]
[White "Zielke, Mika"]
[Black "Dombert, Johannes"]
[Result "0-1"]
[WhiteElo "1617"]
[BlackElo "1270"]
[PlyCount "106"]
[EventDate "2024.05.19"]
[EventType "swiss"]
[EventRounds "11"]
[EventCountry "GER"]
[SourceTitle "CBM 220 Extra"]
[Source "ChessBase"]
[SourceDate "2024.07.31"]
[SourceVersion "1"]
[SourceVersionDate "2024.07.31"]
[SourceQuality "1"]

1. e4 e5 2. Bc4 Nf6 3. d3 Bc5 4. Nf3 Nc6 5. 0-0 0-0 6. c3 d6 7. Be3 Bxe3 8. fxe3 Be6 9. Bb3 Qd7 10. Nbd2 Rad8 11. d4 exd4 12. exd4 d5 13. e5 Ne8 14. Ng5 Bg4 15. Qc2 g6 16. Rae1 Ng7 17. Qd3 Ne6 18. Ndf3 Bf5 19. Qd2 Na5 20. Nxe6 fxe6 21. Bc2 Nc4 22. Qc1 Bxc2 23. Qxc2 Qe7 24. Nd2 Rxf1+ 25. Rxf1 Ne3 26. Qd3 Nxf1 27. Qxf1 Rf8 28. Qb5 Qf7 29. Qe2 c6 30. h3 Kg7 31. Nf3 Qf4 32. Kf2 Qe4 33. Qd2 b6 34. a3 c5 35. Kg1 h6 36. Qd1 c4 37. Qd2 Rf7 38. Qd1 g5 39. Nh2 Qe3+ 40. Kh1 Qd3 41. Qc1 Rf2 42. Qg1 Rxb2 43. Nf3 Rb1 44. Qxb1 Qxb1+ 45. Kh2 Qb3 46. a4 Qxc3 47. a5 Qxf3 48. axb6 Qf4+ 49. Kg1 c3 50. g3 Qxg3+ 51. Kf1 c2 52. Ke2 c1Q 53. h4 Qce1# 0-1

[Event "GER-ch U10"]
[Site "Willingen"]
[Date "2024.05.20"]
[Round "3"]
[White "Dombert, Johannes"]
[Black "Dintinger, Ata Lucien"]
[Result "0-1"]
[WhiteElo "1270"]
[BlackElo "1096"]
[PlyCount "98"]
[EventDate "2024.05.19"]
[EventType "swiss"]
[EventRounds "11"]
[EventCountry "GER"]
[SourceTitle "CBM 220 Extra"]
[Source "ChessBase"]
[SourceDate "2024.07.31"]
[SourceVersion "1"]
[SourceVersionDate "2024.07.31"]
[SourceQuality "1"]

1. e4 e5 2. Nf3 Nc6 3. d4 exd4 4. Nxd4 Nf6 5. Nxc6 bxc6 6. e5 Qe7 7. Qe2 Nd5 8. c4 Ba6 9. b3 g6 10. g3 Bg7 11. Bb2 0-0 12. Nd2 Rae8 13. f4 f6 14. Nf3 d6 15. 0-0-0 fxe5 16. fxe5 dxe5 17. Re1 Nb4 18. a3 e4 19. axb4 Rxf3 20. Qxf3 exf3 21. Rxe7 Rxe7 22. Bxg7 Kxg7 23. Kd2 g5 24. Bd3 h5 25. h3 g4 26. hxg4 hxg4 27. Rh2 Bc8 28. c5 Be6 29. Kc3 Kf6 30. Rf2 Rd7 31. Be4 Bd5 32. Bc2 Kg5 33. Rh2 Re7 34. Kd2 Rd7 35. Kc3 Rf7 36. Rf2 Rf8 37. Kd2 Rh8 38. Rf1 Rh2+ 39. Kd1 Rg2 40. Re1 Rxg3 41. Kd2 Rg2+ 42. Kd1 g3 43. Re5+ Kf4 44. Rf5+ Kg4 45. Rf8 f2 46. Ke2 f1Q+ 47. Kxf1 Rxc2 48. Rc8 g2+ 49. Kg1 Rc1+ 0-1

[Event "GER-ch U10"]
[Site "Willingen"]
[Date "2024.05.19"]
[Round "2"]
[White "Liu, Jonas1"]
[Black "Dombert, Johannes"]
[Result "1-0"]
[WhiteElo "1630"]
[BlackElo "1270"]
[PlyCount "81"]
[EventDate "2024.05.19"]
[EventType "swiss"]
[EventRounds "11"]
[EventCountry "GER"]
[SourceTitle "CBM 220 Extra"]
[Source "ChessBase"]
[SourceDate "2024.07.31"]
[SourceVersion "1"]
[SourceVersionDate "2024.07.31"]
[SourceQuality "1"]

1. e4 e5 2. Nf3 Nf6 3. Nxe5 d6 4. Nf3 Nxe4 5. d3 Nf6 6. g3 d5 7. Bg2 Be6 8. 0-0 Bd6 9. Nc3 c6 10. Re1 0-0 11. b3 Nbd7 12. Nd4 Re8 13. Bb2 a6 14. Nxe6 Rxe6 15. Rxe6 fxe6 16. Qe2 Qe7 17. Re1 Re8 18. Nd1 Kf7 19. c4 Bb4 20. Bc3 d4 21. Bxb4 Qxb4 22. Kf1 Qe7 23. f4 e5 24. Nf2 exf4 25. Qxe7+ Rxe7 26. Rxe7+ Kxe7 27. gxf4 Kd6 28. Ke2 Nh5 29. Ne4+ Ke6 30. Kf3 Nhf6 31. Bh3+ Ke7 32. Nxf6 gxf6 33. Ke4 c5 34. Kd5 b6 35. Kc6 Ne5+ 36. fxe5 fxe5 37. Bf5 b5 38. cxb5 axb5 39. Kxb5 c4 40. bxc4 e4 41. Bxe4 1-0